| 000 | 01077nam a2200217Ia 4500 | ||
|---|---|---|---|
| 003 | Ost | ||
| 005 | 20260507074950.0 | ||
| 008 | 260507s9999||||xx |||||||||||||| ||und|| | ||
| 020 | _a9775919515 | ||
| 040 | _cfsecg | ||
| 041 | _aara | ||
| 082 | _a658 | ||
| 100 |
_aالمغربي، عبد الحميد عبد الفتاح _eمؤلف |
||
| 245 | 0 |
_aالإدارة الإستراتيجية : _bبقياس الأداء المتوازن / _c عبد الحميد عبد الفتاح المغربي |
|
| 260 |
_aالقاهرة: _bالمكتبة العصرية للنشر والتوزيع, _c2006 |
||
| 300 |
_a461 صفحة؛ _bإيضاحات ؛ _c24 سم |
||
| 504 | _aببليوغرافيا:ص.461 | ||
| 520 | _aأسس ومبادئ الإدارة الإستراتيجية،مسح وتحليل بيئة الأعمال،صياغة الإستراتيجية،تطبيق الإستراتيجية ومراجعتها،قياس الأداء المتوازن،الحالات العملية في الإدارة الإستراتيجية | ||
| 653 | _aالإدارة | ||
| 942 | _cكتاب | ||
| 999 |
_c41991 _d41991 |
||